Dary, použitie dane na verejnoprospešné účely a daň z príjmov

Dary ako odpočítateľná položka základu dane. Definícia daru. Dary u fyzických osôb a dane. Dary u právnických osôb a dane. Poskytnutie podielu zaplatenej dane na verejnoprospešné účely u fyzických a právnických osôb.

Gespeichert in:
Bibliographische Detailangaben
1. Verfasser: Piršelová, Dagmar
Format: Buchkapitel
Sprache:Slowakisch
Schlagworte:
Tags: Tag hinzufügen
Keine Tags, Fügen Sie das erste Tag hinzu!

MARC

LEADER 00000naa a2200000 4500
001 r047227
005 20230927070910.1
041 0 |a slo 
044 |a SK 
245 1 0 |a Dary, použitie dane na verejnoprospešné účely a daň z príjmov  |c Dagmar Piršelová 
520 |a Dary ako odpočítateľná položka základu dane. Definícia daru. Dary u fyzických osôb a dane. Dary u právnických osôb a dane. Poskytnutie podielu zaplatenej dane na verejnoprospešné účely u fyzických a právnických osôb. 
610 2 0 |a dary 
610 2 0 |a osoby fyzické 
610 2 0 |a osoby právnické 
610 2 0 |a dane z príjmov 
610 2 0 |a Slovensko 
100 1 |a Piršelová, Dagmar